Jurisprudencia penal comparada: comentada
Shranjeno v:
| Glavni avtor: | |
|---|---|
| Format: | Knjiga |
| Jezik: | španščina |
| Izdano: |
Córdoba
Mediterránea
2004
|
| Teme: | |
| Oznake: |
Označite
Brez oznak, prvi označite!
|
MARC
| LEADER | 00000nam a2200000 a 4500 | ||
|---|---|---|---|
| 001 | UCK3220 | ||
| 003 | CL-VaPUC | ||
| 008 | 050415e20040000ag |||||||||||||||||spa|d | ||
| 020 | |a 9871020333 | ||
| 082 | 0 | 4 | |a 345.00264 |b HAI |2 21 |
| 100 | |a Hairabedián, Maximiliano |e author |9 491281 | ||
| 245 | 1 | 0 | |a Jurisprudencia penal comparada: comentada |
| 300 | |a 262 p | ||
| 942 | |c BK | ||
| 945 | |d 20050415 00:00:00 |a jcarroza | ||
| 260 | |a Córdoba |b Mediterránea |c 2004 | ||
| 650 | 7 | |a JURISPRUDENCIA PENAL |2 CL-VaPUC |9 256149 | |
| 650 | 7 | |a DERECHO PENAL |2 CL-VaPUC |9 11 | |
| 650 | 7 | |a FALLO |2 CL-VaPUC |9 491279 | |
| 583 | |a last modification |c 20171122 05:43:15 |k Rodrigo Vera | ||
| 999 | |c 312481 |d 312479 | ||
| 952 | |0 0 |1 0 |4 0 |6 345_002640000000000_HAI_2004 |7 0 |8 A |9 382886 |a BIBDER |b BIBDER |d 2019-11-21 |i 4105230 |l 1 |o 345.00264 HAI 2004 |p 4105230 |r 2024-11-18 |s 2024-11-18 |w 2019-11-21 |y BK |k DER | ||